SEC College Football Teams - Statistics

General Stats
  • This quiz has been taken 14 times
  • The average score is 14 of 16
Answer Stats
School % Correct
Florida
100%
Georgia
100%
Tennessee
100%
Alabama
92%
LSU
92%
Mississippi State
92%
Ole Miss
92%
South Carolina
92%
Texas
92%
Vanderbilt
92%
Arkansas
83%
Auburn
83%
Kentucky
83%
Missouri
83%
Oklahoma
83%
Texas A&M
83%
No matching quizzes found
Score Distribution
Percent of People with Each Score
Percentile by Number Answered
Your Score History
You have not taken this quiz